Profile: Lisbeth Salander Quiz Stats

 Plays Quiz Updated Mar 27, 2020

Support Sporcle.
Go Orange.
Score 0/30 Timer 06:00
0 Plays Today
Question Answer % Correct
Her tattoo in the title of the first book?'The Girl with the Dragon Tattoo'
96.8%
What she 'played with' in title of the second book?'The Girl Who Played with Fire'
91.4%
What she 'kicked' in the title of the third book?'The Girl Who Kicked the Hornet’s Nest'
86.1%
Author who wrote the book series?Stieg Larsson
71.7%
Store where she buys all the furnishings for her new home?IKEA
62.5%
Brand of laptop computer she uses?Apple
60.3%
Name of her journalist friend?Mikael Blomkvist
55.7%
Magazine her journalist friend works for?Millennium
49.7%
One of the names she tattooed on her rapist's stomach?I AM A SADISTIC PIG, A PERVERT, AND A RAPIST
46.1%
American actress who portrays her?Rooney Mara
40.8%
Family/corporation she helps investigate in the 1st book?Vanger
32.1%
One of her aliases?Wasp & Irene Nesser
28.3%
Brand of handheld device she uses?Palm
23.4%
CEO of the security company?Dragan Armansky
23.4%
Her father’s name?Alexander Zalachenko/Zala/Karl Axel Bodin
23%
Question Answer % Correct
Woman she lets use her flat?Miriam 'Mimmi’ Wu
20.3%
Security company she worked for?Milton Security
19.7%
Company she secretly steals billions of kronor from?Wennerström
17.1%
One of the hackers who helps her?Trinity, Plague
16.8%
Her 2nd guardian’s name?Nils Bjurman
15.3%
Her favorite convenience store?7-Eleven
14.9%
Psychologist who conspires to have her declared insane?Dr. Peter Teleborian
13.9%
Her 1st guardian’s name?Holger Palmgren
13.4%
Her ‘blond giant’ half brother’s name?Ronald Niedermann
12.7%
Her twin sister’s 1st name?Camilla
12.4%
Her favorite brand of frozen pizza?Billy’s Pan Pizza
12.1%
Boxer she trained with?Paolo Roberto
10.7%
Her attorney’s name?Annika Giannini
10.5%
Secret division of Säpo that plotted to silence her?The “Section”
9.1%
Elite group of hackers she belongs to?Hacker Republic
5.1%

From the Vault

30 in 60: Anagrams

by MSUKent

Language 60s
Fun fact: 'Old West Action' is an anagram of 'Clint Eastwood'.
Remove Ads.
Support Sporcle.
Get the best of Sporcle when you Go Orange. This ad-free experience offers more features, more stats, and more fun while also helping to support Sporcle. Thank you for becoming a member.

Show Comments

Extras

Top Quizzes Today


Score Distribution

Your Account Isn't Verified!

In order to create a playlist on Sporcle, you need to verify the email address you used during registration. Go to your Sporcle Settings to finish the process.

Report this User

Report this user for behavior that violates our Community Guidelines.

Details: